| 000 -LEADER |
| fixed length control field |
00840cam a2200265 a 4500 |
| 005 - DATE AND TIME OF LATEST TRANSACTION |
| control field |
20131029053259.0 |
| 008 - FIXED-LENGTH DATA ELEMENTS--GENERAL INFORMATION |
| fixed length control field |
860123s1986 mnua b 001 0 eng |
| 020 ## - INTERNATIONAL STANDARD BOOK NUMBER |
| International Standard Book Number |
0899083838 |
| 020 ## - INTERNATIONAL STANDARD BOOK NUMBER |
| International Standard Book Number |
0899083587 |
| 041 0# - LANGUAGE CODE |
| Language code of text/sound track or separate title |
eng |
| 080 ## - UNIVERSAL DECIMAL CLASSIFICATION NUMBER |
| Universal Decimal Classification number |
327.39 |
| 245 00 - TITLE STATEMENT |
| Title |
Internationalism : |
| Statement of responsibility, etc |
[edited by] Bruno Leone. |
| 250 ## - |
| -- |
Rev. ed., 2nd ed. rev. |
| 260 ## - |
| -- |
St. Paul, Minn. : |
| -- |
Greenhaven Press, |
| -- |
c1986. |
| 300 ## - |
| -- |
175 p. : |
| -- |
ill. ; |
| -- |
23 cm. |
| 490 1# - |
| -- |
The Isms : modern doctrines and movements |
| 500 ## - |
| -- |
Preface to first edition : f. 13-14 |
| 500 ## - |
| -- |
Preface to second edition : f. 15 |
| 504 ## - BIBLIOGRAPHY, ETC. NOTE |
| Bibliography, etc |
Includes bibliographies and index. |
| 650 #0 - |
| -- |
Organizatat ndërkombëtare |
| 650 #0 - |
| -- |
Marrvdhënie ndërkombëtare |
| 700 1# - |
| -- |
Leone, Bruno, |
| -- |
1939- |
| 830 #0 - |
| -- |
Isms. |
| 942 ## - ADDED ENTRY ELEMENTS (KOHA) |
| Source of classification or shelving scheme |
|
| Item type |
Books |